| 000 | 01084nam0a2200289 4500 | ||
|---|---|---|---|
| 001 | RU\NLR\bibl\1214973 | ||
| 005 | 20260405143829.0 | ||
| 010 |
_a978-5-271-18416-1 _97000 |
||
| 021 |
_aRU _b2008-12711 _9694 |
||
| 035 | _a(NLR Aleph) 001201364 | ||
| 090 |
_a1776544 _c1776544 |
||
| 100 | _a20080415d2007 |||y0rusy50 ca | ||
| 101 | 0 | _arus | |
| 102 | _aRU | ||
| 105 | _aa ||||||||| | ||
| 200 | 1 |
_aУчимся лепить из пластелина _fСергей Петров |
|
| 210 |
_aМосква _cАстрель _aСанкт-Петербург _cСова _d2007 |
||
| 215 |
_a111 с. _cцв. ил. _d26 |
||
| 300 | _aНа обл. авт. не указан | ||
| 606 | 1 |
_aДети _jПопулярные издания _xОбучение лепке _92516856 _3RU\NLR\auth\661491672 |
|
| 686 | _aЧ313.558.2я9 | ||
| 700 | 1 |
_4070 _8rus _7ca _aПетров _bС. К. _cпедагог, методист _gСергей Кириллович _3RU\NLR\auth\7759514 _942445 |
|
| 801 | 0 |
_aRU _bNLR _c20080415 _gRCR |
|
| 801 | 1 |
_aRU _bNLR _c20080415 |
|
| 942 | _cBOOK | ||
| 980 | _aNB | ||